Army special ops Quiz Stats

 Plays Quiz not verified by Sporcle

Score 0/7 Timer 05:00
0 Plays Today
% Correct
Delta force
82.1%
Rangers
78.6%
Green Berets
66.1%
Night stalkers
25%
Soscom
5.4%
95th Civil affairs
3.6%
Misg
3.6%

You're not logged in!

Compare scores with friends on all Sporcle quizzes.
OR
Log In

Show Comments

Extras

Created Feb 23, 2012ReportNominate
Tags:army, OPS, special

Top Quizzes Today


Score Distribution

Your Account Isn't Verified!

In order to create a playlist on Sporcle, you need to verify the email address you used during registration. Go to your Sporcle Settings to finish the process.

Report this User

Report this user for behavior that violates our Community Guidelines.

Details: